000 01027cad a2200253 4500
001 L158876
008 100215n2013 000 0 eng u
020 _a9781783210305
035 _a(Sirsi) u158876
041 _aeng
100 1 _aPedro, Lanre
111 2 _aConstruction and Building Research Conference
_cIIT Delhi, New Delhi
_d10-12 September 2013
245 0 0 _aParticipants' perceptions on investment in ICT and project outcomes in South Africa
_h[electronic resource]
260 _aLondon
_bRICS
_c2013
490 0 _aCOBRA
_v2013
520 _aA paper presented at the COBRA Conference in New Delhi on 10-12 September 2013. Looks at the perceived link between ICT investment and positive project outcomes from a pilot study in the South African construction industry.
650 2 4 _aCONSTRUCTION AND BUILDING RESEARCH CONFERENCE (COBRA)
650 2 4 _aICT
650 2 4 _aPROJECT PERFORMANCE
651 4 _aSouth Africa
690 _aConstruction management
_96230
700 1 _aOzumba, Aghaegbuna
942 _n0
999 _c115559
_d115559